Daredevil. #5 / Mark Waid ; artist, Chris Samnee.
Available copies
- 3 of 3 copies available at LARL/NWRL Consortium.
- 3 of 3 copies available at Lake Agassiz Regional Library. (Show preferred library)
Current holds
0 current holds with 3 total copies.
Show Only Available Copies
| Location | Call Number / Copy Notes | Barcode | Shelving Location | Status | Due Date |
|---|---|---|---|---|---|
| Crookston Public Library | Y G WAI (Text) | 33500011849668 | Main | Available | - |
| Detroit Lakes Public Library | Y G WAI (Text) | 33500011849643 | Main | Available | - |
| Moorhead Public Library | Y G WAI (Text) | 33500011849650 | Main | Available | - |
Record details
- ISBN: 9780785161059 (pbk.)
- ISBN: 0785161058 (pbk.)
- Physical Description: p. cm.
- Publisher: New York : Marvel, 2014.
Search for related items by subject
| Subject: | Daredevil (Fictitious character) > Comic books, strips, etc. > Fiction. |
| Genre: | Science fiction. |
Search for related items by series
| LDR | 01632cam a2200433Ma 4500 | ||
|---|---|---|---|
| 001 | 165568 | ||
| 003 | LARL_NWRL_CONSORTIUM | ||
| 005 | 20140501151727.0 | ||
| 008 | 131217s2014 nyua 6 000 f eng d | ||
| 015 | . | ‡aGBB412983 ‡2bnb | |
| 016 | 7 | . | ‡a016621077 ‡2Uk |
| 019 | . | ‡a825747883 ‡a825758635 ‡a856976853 | |
| 020 | . | ‡a9780785161059 (pbk.) | |
| 020 | . | ‡a0785161058 (pbk.) | |
| 035 | . | ‡a(OCoLC)870425256 ‡z(OCoLC)825747883 ‡z(OCoLC)825758635 ‡z(OCoLC)856976853 | |
| 040 | . | ‡aUKMGB ‡beng ‡cUKMGB ‡dBTCTA ‡dYDXCP | |
| 082 | 0 | 4. | ‡a741.5 ‡223 |
| 100 | 1 | . | ‡aWaid, Mark, ‡d1962- ‡eauthor. ‡0(LARL_NWRL_CONSORTIUM)220788 |
| 245 | 1 | 0. | ‡aDaredevil. ‡n#5 / ‡cMark Waid ; artist, Chris Samnee. |
| 246 | 3 | . | ‡aDaredevil the man without fear ‡n#5 |
| 246 | 3 | . | ‡aMan without fear |
| 260 | . | ‡aNew York : ‡bMarvel, ‡c2014. | |
| 300 | . | ‡ap. ‡ccm. | |
| 336 | . | ‡atext ‡2rdacontent | |
| 336 | . | ‡astill image ‡2rdacontent | |
| 337 | . | ‡aunmediated ‡2rdamedia | |
| 338 | . | ‡avolume ‡2rdacarrier | |
| 490 | 0 | . | ‡aDaredevil Volume III ; ‡v5 |
| 650 | 0. | ‡aDaredevil (Fictitious character) ‡vComic books, strips, etc. ‡vFiction. | |
| 655 | 0. | ‡aScience fiction. | |
| 700 | 1 | . | ‡aSamnee, Chris, ‡eartist. |
| 948 | . | ‡hNO HOLDINGS IN LAL - 18 OTHER HOLDINGS | |
| 994 | . | ‡aZ0 ‡bLAL | |
| 901 | . | ‡a165568 ‡bOCLC ‡c165568 ‡tbiblio | |

Add to basket
Permalink
Disable Highlighting